|
|
|
|
| LEADER |
00000nam0a2200000 4500 |
| 001 |
173456 |
| 005 |
20231101223112.0 |
| 035 |
|
|
|a (RuTPU)RU\TPU\book\188116
|
| 090 |
|
|
|a 173456
|
| 100 |
|
|
|a 20091224d1966 k y0rusy50 ca
|
| 101 |
0 |
|
|a rus
|
| 102 |
|
|
|a RU
|
| 105 |
|
|
|a a z 001zy
|
| 200 |
1 |
|
|a Механические и тепловые свойства щелочно-галоидных кристаллов
|h Глава I и II (не полностью) с замечаниями В. А. Жданова
|f А. А. Воробьев
|g Томский политехнический институт (ТПИ)
|
| 210 |
|
|
|a Томск
|d 1966
|
| 215 |
|
|
|a 279 с.: 7 конвертов с карт., 15 л. граф.
|c граф.
|
| 606 |
1 |
|
|a Щелочно-галоидные кристаллы
|x Физические свойства
|2 stltpush
|3 (RuTPU)RU\TPU\subj\80312
|9 88037
|
| 610 |
1 |
|
|a кристаллы
|
| 610 |
1 |
|
|a механические свойства
|
| 610 |
1 |
|
|a тепловые свойства
|
| 610 |
1 |
|
|a ионные соединения
|
| 610 |
1 |
|
|a кристаллическая решетка
|
| 610 |
1 |
|
|a твердые тела
|
| 610 |
1 |
|
|a упругие свойства
|
| 610 |
1 |
|
|a пластичность
|
| 610 |
1 |
|
|a твердость
|
| 610 |
1 |
|
|a труды учёных ТПУ
|
| 675 |
|
|
|a 548.312
|v 3
|
| 700 |
|
1 |
|a Воробьев
|b А. А.
|c российский физик
|c ректор Томского политехнического института, профессор
|f 1909-1981
|g Александр Акимович
|2 stltpush
|3 (RuTPU)RU\TPU\pers\12805
|4 070
|
| 712 |
0 |
2 |
|a Томский политехнический институт (ТПИ)
|c (1944-1991)
|2 stltpush
|3 (RuTPU)RU\TPU\col\1123
|
| 801 |
|
1 |
|a RU
|b 63413507
|c 20091224
|
| 801 |
|
2 |
|a RU
|b 63413507
|c 20200818
|g RCR
|
| 942 |
|
|
|c BK
|